Statistics for Countries with the Top Chess Players

Click here to take the quiz!

General Stats

  • This quiz has been taken 23,874 times
    (9,828 since last reset)
  • The average score is 9 of 12

Answer Stats

# Country % Correct
9United States
99%
24Russia
98%
9China
96%
5United Kingdom
96%
3France
92%
3Germany
91%
4India
84%
3Spain
82%
7Ukraine
70%
4Hungary
33%
4Armenia
21%
4Azerbaijan
19%

Score Distribution

Percentile by Number Answered

Percent of People with Each Score

Your Score History

You have not taken this quiz since the last reset